000 00934ntm a22002655a 4500
001 vtls000056114
003 ES-BaIT
005 20211007160353.0
007 t|
008 131008| ||||||||| 00| |spa|d
010 _a56114
035 _a0056-11460
_9 ES-BaIT035
039 9 _a201403080130
_bVLOAD
_c201310110032
_dVLOAD
_c201310101650
_dVLOAD
_c201310082251
_dVLOAD
_y201110052349
_zVLOAD
040 0 0 _aSEDO
_bcat
245 0 3 _aEl Cuero y cohete
_h[Manuscrit]
260 _a[s.a.]
300 _a 1 Manuscrit
500 _aEntremés de...
500 _aCopia Ms, notas Cotarelo
593 _a0110
_b47067
_cProcedència: Col·lecció Joaquín Montaner
_hArtur Sedó
856 4 2 _3Fitxa del catàleg manual
_uhttp://www.cdmae.cat/sedo/imgtitulos/018/P0001409.gif
940 _aIT
949 _AVIRTUAITEM
_D10010
_G10010
_X1
_61990278772
_a47067
999 _c48704
_d48704